000 00846nas a2200277 4500
001 BR7001059
003 BR-BrBNA
005 20231205082320.0
007 ta
008 230509b bl.|||p| |||| 00| 00por d
040 _aBR-BrBNA
_bpor
_cBiblioteca Nacional de Agricultura
041 _a(Pt)
072 _aF61
100 1 _aArzolla, J.D.P.
100 1 _aKuramoto, M.
100 1 _aOliveira, G.D. de
100 1 _aHaag, H.P.
245 1 _aNutricao mineral de hortalicas, 12: deficiencias de micronutrientes em couve-flor
650 _aNUTRIENTE MINERAL
650 _aHORTALICA
650 _aMICROELEMENTO
650 _aCOUVE-FLOR
773 0 _tAnais da Escola Superior de Agricultura Luiz de Queiroz (Brazil)
_xISSN 0071-1276
_g(1970), v. 27 p. 335-345
_wBR7001059
909 _a202311
_bLúcia
_c55
_dLúcia Elande
942 _2AGRIS
_n0
_cANA
999 _c90823
_d90823